Собрание музыкально-исторических сочинений. Т. 7: Бетховен. Великие творческие эпохи (Запись № 13631481)

Подробности
000 -МАРКЕР
контрольное поле 01555nam2a2200325 4500
001 - ИДЕНТИФИКАТОР ЗАПИСИ
контрольное поле rc\2949125
005 - ИДЕНТИФИКАТОР ВЕРСИИ
контрольное поле 20260315071532.0
035 ## - ДРУГИЕ СИСТЕМНЫЕ НОМЕРА
Идентификатор записи (NLR Aleph) 007214308
100 ## - ДАННЫЕ ОБЩЕЙ ОБРАБОТКИ
Данные общей обработки 20110829d1938 u y0rusy50 ca
101 1# - ЯЗЫК РЕСУРСА
Язык текста, звукозаписи и т.д. русский
Язык оригинала французский
102 ## - СТРАНА ПУБЛИКАЦИИ ИЛИ ПРОИЗВОДСТВА
Страна публикации Российская Федерация
105 ## - ПОЛЕ КОДИРОВАННЫХ ДАННЫХ: ТЕКСТОВЫЕ МАТЕРИАЛЫ, МОНОГРАФИЧЕСКИЕ
Кодированные данные о монографическом текстовом документе acg z |||||
200 1# - ЗАГЛАВИЕ И СВЕДЕНИЯ ОБ ОТВЕТСТВЕННОСТИ
Основное заглавие Бетховен. Великие творческие эпохи
Первые сведения об ответственности Перевод с фр. М.А. Кузмина
Последующие сведения об ответственности Редакция пер. Г. Пиралова
-- Комментарии Б. Левика
210 ## - ПУБЛИКАЦИЯ, РАСПРОСТРАНЕНИЕ И ДР.
Дата издания, распространения и т.д. 1938
215 ## - ФИЗИЧЕСКАЯ ХАРАКТЕРИСТИКА
Специфическое обозначение материала и объем 340 с., 24 вкл. л. ил. и портр.
Другие сведения о физической характеристике ил., портр., нот.
300 ## - ОБЩИЕ ПРИМЕЧАНИЯ
Текст примечания На обороте тит. л.: Romain Rolland. Beetnoven. Les grandes époques créatrices
461 #0 - УРОВЕНЬ НАБОРА
Встроенное поле 001rc\2949122
-- 2001#$aСобрание музыкально-исторических сочинений$eВ 9 томах$vТ. 7
-- 700#1$3RU\NLR\AUTH\7713146$7ca$aРоллан$bР.$f1866-1944$gРомен
Системный номер (АБИС) связанной записи 7678124
Автор Роллан, Р. (1866-1944)
Место публикации Москва
Дата публикации 1938
Имя издателя, распространителя и т.д. Музгиз
Сведения, относящиеся к заглавию В 9 томах
Заглавие Собрание музыкально-исторических сочинений
Номер тома Т. 7
600 #1 - ИМЯ ЛИЦА КАК ПРЕДМЕТ
Начальный элемент ввода Бетховен
Часть имени, кроме начального элемента ввода Л. ван
Даты 1770-1827
Расширение инициалов личного имени Людвиг ван
702 #1 - ИМЯ ЛИЦА - ВТОРИЧНАЯ ОТВЕТСТВЕННОСТЬ
Начальный элемент ввода Кузмин
Часть имени, кроме начального элемента ввода М.А.
Код отношения Переводчик
702 #1 - ИМЯ ЛИЦА - ВТОРИЧНАЯ ОТВЕТСТВЕННОСТЬ
Начальный элемент ввода Пиралов
Часть имени, кроме начального элемента ввода Г.
Код отношения Редактор
702 #1 - ИМЯ ЛИЦА - ВТОРИЧНАЯ ОТВЕТСТВЕННОСТЬ
Начальный элемент ввода Левик
Часть имени, кроме начального элемента ввода Б.
Код отношения Комментатор печатного текста
801 #0 - ИСТОЧНИК ЗАПИСИ
Страна Российская Федерация
Организация NLR
Правила каталогизации psbo
801 #1 - ИСТОЧНИК ЗАПИСИ
Страна Российская Федерация
Организация ELAR
Источник данных rusmarc
852 ## - МЕСТОНАХОЖДЕНИЕ И ШИФР ХРАНЕНИЯ
Идентификатор организации NLR
Шифр хранения (Call Number) 38-16/15(7)
852 ## - МЕСТОНАХОЖДЕНИЕ И ШИФР ХРАНЕНИЯ
Идентификатор организации NLR
Шифр хранения (Call Number) Ис80 В-3/5
852 ## - МЕСТОНАХОЖДЕНИЕ И ШИФР ХРАНЕНИЯ
Идентификатор организации NLR
Наименование фонда или коллекции (Sub-Location Identifier) Мф
Шифр хранения (Call Number) К-1/10394
852 ## - МЕСТОНАХОЖДЕНИЕ И ШИФР ХРАНЕНИЯ
Идентификатор организации NLR
Шифр хранения (Call Number) 128/4869
942 ## - ДОПОЛНИТЕЛЬНЫЕ ЭЛЕМЕНТЫ ЗАПИСИ (АБИС)
Тип экземпляра АБИС Неопределено
980 ## - КОЛЛЕКЦИЯ
Название коллекции Национальная библиография

Нет доступных экземпляров.